<?xml version="1.0" encoding="UTF-8"?>
<record
    xmlns:xsi="http://www.w3.org/2001/XMLSchema-instance"
    xsi:schemaLocation="http://www.loc.gov/MARC21/slim http://www.loc.gov/standards/marcxml/schema/MARC21slim.xsd"
    xmlns="http://www.loc.gov/MARC21/slim">

  <leader>00665na  a2200241   4500</leader>
  <datafield tag="952" ind1=" " ind2=" ">
    <subfield code="a">0002</subfield>
    <subfield code="b">0002</subfield>
    <subfield code="d">2021-06-25</subfield>
    <subfield code="l">0</subfield>
    <subfield code="o">DAN 956.1023 C85 1983</subfield>
    <subfield code="p">P00747</subfield>
    <subfield code="r">2021-06-25 00:00:00</subfield>
    <subfield code="t">c.1</subfield>
    <subfield code="w">2021-06-25</subfield>
    <subfield code="x">Emin De&#x11F;er Ba&#x11F;&#x131;&#x15F;&#x131;d&#x131;r.</subfield>
    <subfield code="y">BKS</subfield>
  </datafield>
  <datafield tag="952" ind1=" " ind2=" ">
    <subfield code="a">0002</subfield>
    <subfield code="b">0002</subfield>
    <subfield code="d">2021-06-25</subfield>
    <subfield code="l">0</subfield>
    <subfield code="o">DAN 956.1023 C85 1983</subfield>
    <subfield code="p">P00748</subfield>
    <subfield code="r">2021-06-25 00:00:00</subfield>
    <subfield code="t">c.3</subfield>
    <subfield code="w">2021-06-25</subfield>
    <subfield code="x">Emin De&#x11F;er Ba&#x11F;&#x131;&#x15F;&#x131;d&#x131;r.</subfield>
    <subfield code="y">BKS</subfield>
  </datafield>
  <datafield tag="952" ind1=" " ind2=" ">
    <subfield code="a">0002</subfield>
    <subfield code="b">0002</subfield>
    <subfield code="d">2021-06-25</subfield>
    <subfield code="l">0</subfield>
    <subfield code="o">DAN 956.10203 C85 1983</subfield>
    <subfield code="p">P00749</subfield>
    <subfield code="r">2021-06-25 00:00:00</subfield>
    <subfield code="t">c.4</subfield>
    <subfield code="w">2021-06-25</subfield>
    <subfield code="x">Emin De&#x11F;er Ba&#x11F;&#x131;&#x15F;&#x131;d&#x131;r.</subfield>
    <subfield code="y">BKS</subfield>
  </datafield>
  <datafield tag="952" ind1=" " ind2=" ">
    <subfield code="a">0002</subfield>
    <subfield code="b">0002</subfield>
    <subfield code="d">2021-06-25</subfield>
    <subfield code="l">0</subfield>
    <subfield code="o">DAN 956.10203 C85 1983</subfield>
    <subfield code="p">P00750</subfield>
    <subfield code="r">2021-06-25 00:00:00</subfield>
    <subfield code="t">c.5</subfield>
    <subfield code="w">2021-06-25</subfield>
    <subfield code="x">Emin De&#x11F;er Ba&#x11F;&#x131;&#x15F;&#x131;d&#x131;r.</subfield>
    <subfield code="y">BKS</subfield>
  </datafield>
  <datafield tag="952" ind1=" " ind2=" ">
    <subfield code="a">0002</subfield>
    <subfield code="b">0002</subfield>
    <subfield code="d">2021-06-25</subfield>
    <subfield code="l">0</subfield>
    <subfield code="o">DAN 956.10203 C85 1983</subfield>
    <subfield code="p">P00751</subfield>
    <subfield code="r">2021-06-25 00:00:00</subfield>
    <subfield code="t">c.6</subfield>
    <subfield code="w">2021-06-25</subfield>
    <subfield code="x">Emin De&#x11F;er Ba&#x11F;&#x131;&#x15F;&#x131;d&#x131;r.</subfield>
    <subfield code="y">BKS</subfield>
  </datafield>
  <datafield tag="952" ind1=" " ind2=" ">
    <subfield code="a">0002</subfield>
    <subfield code="b">0002</subfield>
    <subfield code="d">2021-06-25</subfield>
    <subfield code="l">0</subfield>
    <subfield code="o">DAN 956.10203 C85 1983</subfield>
    <subfield code="p">P00752</subfield>
    <subfield code="r">2021-06-25 00:00:00</subfield>
    <subfield code="t">c.7</subfield>
    <subfield code="w">2021-06-25</subfield>
    <subfield code="x">Emin De&#x11F;er Ba&#x11F;&#x131;&#x15F;&#x131;d&#x131;r.</subfield>
    <subfield code="y">BKS</subfield>
  </datafield>
  <datafield tag="952" ind1=" " ind2=" ">
    <subfield code="a">0002</subfield>
    <subfield code="b">0002</subfield>
    <subfield code="d">2021-06-25</subfield>
    <subfield code="l">0</subfield>
    <subfield code="o">DAN 956.10203 C85 1983</subfield>
    <subfield code="p">P00753</subfield>
    <subfield code="r">2021-06-25 00:00:00</subfield>
    <subfield code="t">c.8</subfield>
    <subfield code="w">2021-06-25</subfield>
    <subfield code="x">Emin De&#x11F;er Ba&#x11F;&#x131;&#x15F;&#x131;d&#x131;r.</subfield>
    <subfield code="y">BKS</subfield>
  </datafield>
  <datafield tag="952" ind1=" " ind2=" ">
    <subfield code="a">0002</subfield>
    <subfield code="b">0002</subfield>
    <subfield code="d">2021-06-25</subfield>
    <subfield code="l">0</subfield>
    <subfield code="o">DAN 956.10203 C85 1983</subfield>
    <subfield code="p">P00754</subfield>
    <subfield code="r">2021-06-25 00:00:00</subfield>
    <subfield code="t">c.9</subfield>
    <subfield code="w">2021-06-25</subfield>
    <subfield code="x">Emin De&#x11F;er Ba&#x11F;&#x131;&#x15F;&#x131;d&#x131;r.</subfield>
    <subfield code="y">BKS</subfield>
  </datafield>
  <datafield tag="999" ind1=" " ind2=" ">
    <subfield code="c">14438</subfield>
    <subfield code="d">14438</subfield>
  </datafield>
  <controlfield tag="001">13902</controlfield>
  <controlfield tag="003">MIRAKIL</controlfield>
  <controlfield tag="005">20210625131019.0</controlfield>
  <controlfield tag="008">160828b        tu            000 0      </controlfield>
  <datafield tag="035" ind1=" " ind2=" ">
    <subfield code="a">13902</subfield>
  </datafield>
  <datafield tag="040" ind1=" " ind2=" ">
    <subfield code="a">Milas</subfield>
    <subfield code="b">tur</subfield>
    <subfield code="c">TR-AnCHP</subfield>
  </datafield>
  <datafield tag="082" ind1=" " ind2=" ">
    <subfield code="a">DAN 956.10203</subfield>
    <subfield code="b">C85 1983</subfield>
  </datafield>
  <datafield tag="090" ind1=" " ind2=" ">
    <subfield code="a">DAN 956.10203 C85 1983</subfield>
  </datafield>
  <datafield tag="245" ind1=" " ind2=" ">
    <subfield code="a">Cumhuriyet d&#xF6;nemi T&#xFC;rkiye ansiklopedisi</subfield>
  </datafield>
  <datafield tag="246" ind1=" " ind2=" ">
    <subfield code="a">T&#xFC;rkiye ansiklopedisi</subfield>
  </datafield>
  <datafield tag="260" ind1=" " ind2=" ">
    <subfield code="a">&#x130;stanbul</subfield>
    <subfield code="b">&#x130;leti&#x15F;im</subfield>
    <subfield code="c">1983</subfield>
  </datafield>
  <datafield tag="300" ind1=" " ind2=" ">
    <subfield code="a">10 c.</subfield>
    <subfield code="b">res. </subfield>
    <subfield code="c">30 sm.</subfield>
  </datafield>
  <datafield tag="504" ind1=" " ind2=" ">
    <subfield code="a">Dizin var.</subfield>
  </datafield>
  <datafield tag="650" ind1=" " ind2=" ">
    <subfield code="a">Ansiklopediler</subfield>
    <subfield code="z">T&#xFC;rkiye</subfield>
  </datafield>
  <datafield tag="651" ind1=" " ind2=" ">
    <subfield code="a">T&#xFC;rkiye</subfield>
    <subfield code="x">Ansiklopediler</subfield>
    <subfield code="x">Tarih</subfield>
    <subfield code="y">1918-1960</subfield>
  </datafield>
  <datafield tag="942" ind1=" " ind2=" ">
    <subfield code="2">ddc</subfield>
    <subfield code="c">BKS</subfield>
  </datafield>
  <datafield tag="999" ind1=" " ind2=" ">
    <subfield code="d">10172</subfield>
  </datafield>
</record>
